| 000 | 00775nam a22002297a 4500 | ||
|---|---|---|---|
| 999 |
_c1058 _d1058 |
||
| 003 | AR-CdUCM | ||
| 008 | 190226b ||||| |||| 00| 0 spa d | ||
| 020 | _a968161691X | ||
| 040 |
_aMUNICIPALIDAD PROVINCIAL DEL CUSCO _cBIBLIOTECA MUNICIPAL DEL CUSCO |
||
| 082 |
_a869.1 / _bR47 |
||
| 100 |
_aReyes, Alfonso _92307 |
||
| 245 |
_aLa Cena : _bY otras historias / _cReyes, Alfonso |
||
| 260 |
_aMexico : _bFondo de Cultura Economica, _c1984. |
||
| 300 |
_a149 paginas ; _c25cm. |
||
| 505 | _aLa cena -- La entrevista -- La primera confesión -- Dialogo de Aquiles y Elena -- El fraile converso. | ||
| 650 |
_aLectura Economica _94141 |
||
| 650 |
_aFicción _9184 |
||
| 650 |
_aHIstorias _93809 |
||
| 650 |
_aCultura _9126 |
||
| 942 |
_2ddc _cLIBROS |
||
| 945 |
_apjha _d2019-02-25 |
||